Martin pring's introduction to technical analysis/ (Record no. 103447)

MARC details
000 -LEADER
fixed length control field 00628nam a22002057a 4500
005 - DATE AND TIME OF LATEST TRANSACTION
control field 20160920170145.0
010 ## - LCCN (DPL NO)
LC control number ENG-116048
020 ## - INTERNATIONAL STANDARD BOOK NUMBER
International Standard Book Number 139789352602605
Terms of availability 650.00
035 ## - SYSTEM CONTROL NUMBER
System control number EN-99580
037 ## - SOURCE OF ACQUISITION
Source of stock number/acquisition DBAD/PUB
082 ## - DEWEY DECIMAL CLASSIFICATION NUMBER
Classification number 332.632
100 ## - MAIN ENTRY--PERSONAL NAME
Personal name Pring, Martin J.
245 ## - TITLE STATEMENT
Title Martin pring's introduction to technical analysis/
Statement of responsibility, etc by Martin J. Pring
250 ## - EDITION STATEMENT
Edition statement 2nd edition
260 ## - PUBLICATION, DISTRIBUTION, ETC. (IMPRINT)
Place of publication, distribution, etc Noida
Name of publisher, distributor, etc McGraw Hill Education
Date of publication, distribution, etc 2016
270 ## - ADDRESS
Address B-4, Sector-63, Dist. Gautam Budh Nagar
City Noida(up)
Postal code 201301
300 ## - PHYSICAL DESCRIPTION
Extent 309 p. :
Dimensions 25cm(pbk)
500 ## - GENERAL NOTE
General note Includes index
942 ## - ADDED ENTRY ELEMENTS (KOHA)
Source of classification or shelving scheme Dewey Decimal Classification
Item type English Books
Classification part 332.632
Call number suffix PRI
Holdings
Withdrawn status Lost status Not for loan Collection code Home library Current library Date acquired Source of acquisition Cost, normal purchase price Full call number Barcode Copy number Cost, replacement price Koha item type
      Non-fiction Ashok Vihar Ashok Vihar 20/09/2016 DBAD/PUB 650.00 332.632 PRI EN-99580 1 650.00 English Books

© Delhi Public Library
Hit Counter
free hit counter